000 00350nam a2200133 i 4500
001 bg
100 1 _aZIMNY, Jacek
245 0 _aWłaściwości obróbki laserowej (LBM) trudno skrawalnych stali stopowych /
_cJacek Zimny.
260 _aKraków,
_c1984.
040 _cBPK
041 _apol
942 _cKS
008 s pl f |000 0 pol
999 _c22730
_d22730
856 _uhttp://koha.tu.koszalin.pl/cgi-bin/koha/opac-detail.pl?biblionumber=22730
_yKatalog online BPK